| 000 | 00689nam a22001937a 4500 | ||
|---|---|---|---|
| 005 | 20100811140015.0 | ||
| 010 | _aENG-99617 | ||
| 020 |
_a9780415563147 _c450.00 |
||
| 035 | _aEN-83149 | ||
| 037 | _bDBAD/PUB | ||
| 082 | _a883 | ||
| 100 |
_aSengupta, Poile _910990 |
||
| 245 |
_aWomen centre stage : _bthe dramatist and the play / _cby Poile Sengupta |
||
| 260 |
_aNew Delhi _bRoutledge Taylor & Francis Group _c2010 |
||
| 270 |
_a912-915 Tolstoy House, 15-17 Tolstoy Marg _bNew Delhi _e110001 |
||
| 300 |
_axv, 347p. _c21cm (pbk) |
||
| 942 |
_2ddc _cEN _h883 _mSEN |
||
| 999 |
_c40992 _d40992 |
||